Minecraft Dirt Blocks (Picture Quiz) - Statistics

General Stats
  • This quiz has been taken 113 times
  • The average score is 5 of 9
Answer Stats
Picture Answer % Correct
Dirt
100%
Grass Block
93%
Coarse Dirt
68%
Dirt Path
57%
Mycelium
57%
Rooted Dirt
53%
Farmland
49%
Podzol
49%
Snow Grass Block
21%
No matching quizzes found
Score Distribution
Percent of People with Each Score
Percentile by Number Answered
Your Score History
You have not taken this quiz